[Event "WC-2018-Q-00013"]
[Site "LSS email"]
[Date "2018.09.16"]
[Round "?"]
[White "Dard, Michel"]
[Black "Thurrott, Allan"]
[Result "1/2-1/2"]
[WhiteElo "2313"]
[BlackElo "2273"]
[PlyCount "66"]
[EventDate "2018.09.22"]
[EventType "tourn (corr)"]
[EventRounds "12"]
[EventCountry "GER"]
[SourceTitle "Corr 2022"]
[Source "ChessBase"]
[SourceDate "2021.10.24"]
[SourceVersion "1"]
[SourceVersionDate "2021.10.24"]
[SourceQuality "1"]

1. d4 Nf6 2. Nf3 d5 3. c4 e6 4. Nc3 c6 5. g3 dxc4 6. Bg2 Nbd7 7. a4 Bb4 8. 0-0 0-0 9. Qc2 a5 10. Na2 Bd6 11. Qxc4 e5 12. Rd1 Qb6 13. h3 exd4 14. Nxd4 Bc5 15. e3 Re8 16. Nc3 Ne5 17. Qe2 Bd7 18. Qc2 Rad8 19. b3 h5 20. Bb2 Bxh3 21. Bxh3 Bxd4 22. exd4 Nf3+ 23. Kg2 Nxd4 24. Rxd4 Qxd4 25. Bf5 Qc5 26. Ba3 Qe5 27. Rh1 b5 28. Bb2 Kf8 29. Bc1 Qc5 30. Bf4 b4 31. Nd1 Qd5+ 32. f3 Qd4 33. Nf2 Qc3 1/2-1/2

[Event "WC-2018-Q-00013"]
[Site "LSS email"]
[Date "2018.09.16"]
[Round "?"]
[White "Thurrott, Allan"]
[Black "Tsygankov, Evgeny Georgievich"]
[Result "0-1"]
[WhiteElo "2273"]
[BlackElo "2457"]
[PlyCount "138"]
[EventDate "2018.09.22"]
[EventType "tourn (corr)"]
[EventRounds "12"]
[EventCountry "GER"]
[SourceTitle "Corr 2022"]
[Source "ChessBase"]
[SourceDate "2021.10.24"]
[SourceVersion "1"]
[SourceVersionDate "2021.10.24"]
[SourceQuality "1"]

1. e4 c5 2. Nf3 d6 3. d4 cxd4 4. Nxd4 Nf6 5. Nc3 a6 6. Be3 e5 7. Nb3 Be6 8. f3 h5 9. Nd5 Bxd5 10. exd5 Nbd7 11. Qd2 g6 12. Be2 Bg7 13. 0-0 b6 14. a4 0-0 15. c3 Qc8 16. Ra3 Re8 17. c4 a5 18. Qe1 Rb8 19. Qh4 Nc5 20. Bc1 Rb7 21. Kh1 e4 22. Nd4 exf3 23. Bxf3 Nfe4 24. Nc6 f5 25. Qe1 Rf7 26. Qd1 Qd7 27. Qc2 Rff8 28. Be3 Kh7 29. Bg1 Bh6 30. Rd1 h4 31. Nd4 Ng3+ 32. hxg3 hxg3 33. Bh2 gxh2 34. Qf2 Ne4 35. Qe1 Nc5 36. Qf2 Qe7 37. Ne6 Rf6 38. Raa1 Nxe6 39. dxe6 Rxe6 40. Qxb6 Bd2 41. Rf1 Bb4 42. Rad1 Kg7 43. Qd4+ Re5 44. Bd5 Qf6 45. Qb6 Re2 46. Bc6 R8e7 47. b3 Qc3 48. Qd8 R2e5 49. Bd5 Re8 50. Qh4 Bc5 51. Qf4 Re1 52. Qc1 Qxc1 53. Rxc1 R1e5 54. Rf3 Rh8 55. Rcf1 Kf6 56. Bc6 Rh7 57. g4 Rh4 58. Rg3 Re2 59. gxf5 g5 60. Rg2 Rxg2 61. Bxg2 g4 62. Rf4 Bb4 63. Rf1 Bd2 64. Rd1 Bf4 65. b4 axb4 66. Rb1 g3 67. Rxb4 Bd2 68. Rb3 Rxc4 69. Rf3 d5 0-1

[Event "WC-2018-Q-00013"]
[Site "LSS email"]
[Date "2018.09.16"]
[Round "?"]
[White "Tsygankov, Evgeny Georgievich"]
[Black "Thurrott, Allan"]
[Result "1-0"]
[WhiteElo "2457"]
[BlackElo "2273"]
[PlyCount "93"]
[EventDate "2018.09.22"]
[EventType "tourn (corr)"]
[EventRounds "12"]
[EventCountry "GER"]
[SourceTitle "Corr 2022"]
[Source "ChessBase"]
[SourceDate "2021.10.24"]
[SourceVersion "1"]
[SourceVersionDate "2021.10.24"]
[SourceQuality "1"]

1. e4 e5 2. Nf3 Nc6 3. Bb5 a6 4. Ba4 Nf6 5. 0-0 Be7 6. Re1 b5 7. Bb3 d6 8. c3 0-0 9. h3 Na5 10. Bc2 c5 11. d4 cxd4 12. cxd4 Qc7 13. Nbd2 Re8 14. Nf1 exd4 15. Nxd4 Bb7 16. b3 Nc6 17. Nf5 Bf8 18. Bg5 Re6 19. N1e3 Nb4 20. Nd4 Re5 21. Bxf6 gxf6 22. Ng4 Kh8 23. Bb1 Rg5 24. Qf3 Rg6 25. a4 h5 26. Nh2 Qc5 27. Nf5 Re8 28. Qxh5+ Kg8 29. Ng4 Qc3 30. Rd1 Re6 31. Ra3 bxa4 32. Kh2 Bxe4 33. Bxe4 Rxe4 34. Ngh6+ Bxh6 35. Nxh6+ Rxh6 36. Qxh6 axb3 37. f4 Nc2 38. Rxa6 Re8 39. Raxd6 Ne3 40. Rd8 Qc6 41. Rxe8+ Qxe8 42. Rd3 b2 43. Rb3 Qd8 44. Rxe3 b1Q 45. Rg3+ Qg6 46. Rxg6+ fxg6 47. Qxg6+ 1-0

[Event "WC-2018-S-00007"]
[Site "LSS email"]
[Date "2018.08.23"]
[Round "?"]
[White "Willmann, Bernd"]
[Black "Thurrott, Allan"]
[Result "1/2-1/2"]
[WhiteElo "2281"]
[BlackElo "2273"]
[PlyCount "65"]
[EventDate "2018.09.01"]
[EventType "tourn (corr)"]
[EventRounds "12"]
[EventCountry "GER"]
[SourceTitle "Corr 2022"]
[Source "ChessBase"]
[SourceDate "2021.10.24"]
[SourceVersion "1"]
[SourceVersionDate "2021.10.24"]
[SourceQuality "1"]

1. d4 Nf6 2. c4 e6 3. Nc3 d5 4. Bg5 Be7 5. e3 0-0 6. Nf3 h6 7. Bh4 b6 8. cxd5 Nxd5 9. Nxd5 exd5 10. Bxe7 Qxe7 11. Rc1 Be6 12. b3 c5 13. Bd3 Nd7 14. 0-0 Nf6 15. Ne5 Rfc8 16. Re1 Qd6 17. Qe2 a5 18. h3 a4 19. Ba6 Rc7 20. bxa4 c4 21. Bb5 Rac8 22. Qf3 Ne4 23. Qf4 Qa3 24. Ba6 g5 25. Qh2 Qxa2 26. Rf1 Rd8 27. h4 f6 28. Nxc4 Ra7 29. Nxb6 Rxa6 30. Qc7 Re8 31. hxg5 hxg5 32. Qb7 Rxb6 33. Qxb6 1/2-1/2

[Event "SA-2017-0-00598"]
[Site "LSS email"]
[Date "2017.09.23"]
[Round "?"]
[White "Ortiz, Manuel"]
[Black "Thurrott, Allan"]
[Result "0-1"]
[WhiteElo "2341"]
[BlackElo "2253"]
[PlyCount "38"]
[EventDate "2017.08.25"]
[EventType "tourn (corr)"]
[EventRounds "6"]
[EventCountry "GER"]
[SourceTitle "Corr 2022"]
[Source "ChessBase"]
[SourceDate "2021.10.24"]
[SourceVersion "1"]
[SourceVersionDate "2021.10.24"]
[SourceQuality "1"]

1. d4 Nf6 2. c4 e6 3. Nf3 d5 4. g3 dxc4 5. Bg2 a6 6. 0-0 Nc6 7. e3 Bd7 8. Qe2 b5 9. b3 cxb3 10. axb3 Bd6 11. Bb2 0-0 12. Rc1 Nd5 13. Nc3 Qe7 14. Ne4 a5 15. Ne5 Ncb4 16. Nc5 Bxe5 17. dxe5 Bc6 18. Ba3 h6 19. e4 Nb6 0-1

[Event "ZH-2016-0-01521"]
[Site "LSS email"]
[Date "2016.10.05"]
[Round "?"]
[White "Kahl, Fred"]
[Black "Thurrott, Allan"]
[Result "1-0"]
[WhiteElo "2335"]
[BlackElo "2254"]
[PlyCount "111"]
[EventDate "2016.10.01"]
[EventType "match (corr)"]
[EventRounds "2"]
[EventCountry "GER"]
[SourceTitle "Corr 2022"]
[Source "ChessBase"]
[SourceDate "2021.10.24"]
[SourceVersion "1"]
[SourceVersionDate "2021.10.24"]
[SourceQuality "1"]

1. Nf3 Nf6 2. c4 g6 3. b4 Bg7 4. Bb2 0-0 5. g3 d6 6. Bg2 e5 7. d3 a5 8. b5 Nbd7 9. 0-0 Nc5 10. Qc2 Bf5 11. Nh4 Bg4 12. e3 Re8 13. Nc3 Nfd7 14. h3 Bh5 15. Rae1 a4 16. a3 Bf6 17. Nf3 g5 18. Nd2 Bg6 19. Nde4 Bg7 20. Rd1 Nxe4 21. Nxe4 f5 22. Nc3 Nc5 23. f4 gxf4 24. exf4 Bh5 25. Rde1 Qd7 26. Nd5 Rad8 27. Kh1 Kh8 28. Re3 Bf7 29. Rfe1 Bxd5 30. Bxd5 c6 31. Bg2 h6 32. bxc6 bxc6 33. Kh2 exf4 34. Bxg7+ Kxg7 35. Qc3+ Kf7 36. gxf4 Rxe3 37. Rxe3 Re8 38. Rg3 Rg8 39. Rxg8 Kxg8 40. Qf6 Qe6 41. Qxe6+ Nxe6 42. Bxc6 Nxf4 43. Bxa4 Nxd3 44. Bc6 Nc5 45. Kg3 Kg7 46. a4 Nb3 47. Kf4 Kf6 48. Bg2 Na5 49. Bf1 Nb3 50. h4 Kg6 51. Bh3 Kh5 52. Bxf5 Kxh4 53. Bc2 Nd4 54. Bd1 Ne6+ 55. Ke4 Nc7 56. Kf5 1-0

[Event "SA-2016-0-00537"]
[Site "LSS email"]
[Date "2016.09.14"]
[Round "?"]
[White "Salzmann, Stefan"]
[Black "Thurrott, Allan"]
[Result "1-0"]
[WhiteElo "2257"]
[BlackElo "2254"]
[PlyCount "105"]
[EventDate "2016.08.18"]
[EventType "tourn (corr)"]
[EventRounds "6"]
[EventCountry "GER"]
[SourceTitle "Corr 2022"]
[Source "ChessBase"]
[SourceDate "2021.10.24"]
[SourceVersion "1"]
[SourceVersionDate "2021.10.24"]
[SourceQuality "1"]

1. d4 Nf6 2. Nf3 e6 3. c4 d5 4. Nc3 c6 5. e3 Nbd7 6. Qc2 Bd6 7. Bd3 0-0 8. 0-0 dxc4 9. Bxc4 b5 10. Bd3 Bb7 11. a3 a6 12. b4 a5 13. Rb1 axb4 14. axb4 Qe7 15. e4 e5 16. Ne2 Bxb4 17. Ng3 g6 18. dxe5 Ng4 19. Bg5 Qc5 20. e6 fxe6 21. Qb3 Nde5 22. Qxe6+ Rf7 23. Nxe5 Nxe5 24. Be2 Bc8 25. Qb3 Ba5 26. Ra1 Nc4 27. Bxc4 bxc4 28. Qe3 Qe5 29. h3 Ra6 30. Rab1 Bc7 31. f4 Qd6 32. Rf3 c5 33. Qe2 c3 34. Rd1 Qe6 35. Rxc3 Ra2 36. Qf3 c4 37. f5 Qc6 38. Bf4 Qb6+ 39. Re3 Ra3 40. Nf1 Bxf4 41. Qxf4 Rd3 42. Rdxd3 cxd3 43. Qg5 Qc5 44. Kh2 Qe5+ 45. Kh1 Rf8 46. Nd2 Bb7 47. Kg1 Ba8 48. Rg3 Re8 49. fxg6 Qxg5 50. gxh7+ Kxh7 51. Rxg5 Bxe4 52. Nxe4 Rxe4 53. Rd5 1-0

[Event "WC-2016-Q-00007"]
[Site "LSS email"]
[Date "2016.08.29"]
[Round "?"]
[White "Thurrott, Allan"]
[Black "Brzeszkiewicz, Edmund"]
[Result "1-0"]
[WhiteElo "2254"]
[BlackElo "2239"]
[PlyCount "93"]
[EventDate "2016.09.03"]
[EventType "tourn (corr)"]
[EventRounds "12"]
[EventCountry "GER"]
[SourceTitle "Corr 2022"]
[Source "ChessBase"]
[SourceDate "2021.10.24"]
[SourceVersion "1"]
[SourceVersionDate "2021.10.24"]
[SourceQuality "1"]

1. e4 e5 2. Nf3 Nc6 3. Bb5 a6 4. Ba4 Nf6 5. 0-0 Be7 6. Re1 b5 7. Bb3 d6 8. c3 0-0 9. h3 Bb7 10. d4 Re8 11. Nbd2 Bf8 12. a4 h6 13. Bc2 exd4 14. cxd4 Nb4 15. Bb1 c5 16. d5 Nd7 17. Ra3 c4 18. axb5 axb5 19. Nd4 Qb6 20. Nf5 Ne5 21. Rg3 g6 22. Nf3 Ned3 23. Be3 Qd8 24. Bxh6 Qf6 25. Qd2 Nxe1 26. Bxf8 Nxf3+ 27. Rxf3 gxf5 28. Rxf5 Qg6 29. Rg5 Qxg5 30. Qxg5+ Kxf8 31. Qh6+ Kg8 32. e5 Nd3 33. Qg5+ Kh7 34. e6 fxe6 35. dxe6 Bc6 36. Qf5+ Kh6 37. Qf6+ Kh7 38. b3 Rf8 39. Qh4+ Kg7 40. Qg3+ Kh6 41. Qxd6 Rfc8 42. Qe7 Rab8 43. Bc2 Rb7 44. Qh4+ Kg7 45. bxc4 bxc4 46. Qd4+ Kg8 47. e7 1-0

[Event "WC-2016-Q-00007"]
[Site "LSS email"]
[Date "2016.08.29"]
[Round "?"]
[White "Thurrott, Allan"]
[Black "Kolanek, Roman"]
[Result "1/2-1/2"]
[WhiteElo "2254"]
[BlackElo "2157"]
[PlyCount "62"]
[EventDate "2016.09.03"]
[EventType "tourn (corr)"]
[EventRounds "12"]
[EventCountry "GER"]
[SourceTitle "Corr 2022"]
[Source "ChessBase"]
[SourceDate "2021.10.24"]
[SourceVersion "1"]
[SourceVersionDate "2021.10.24"]
[SourceQuality "1"]

1. e4 c5 2. Nf3 d6 3. d4 cxd4 4. Nxd4 Nf6 5. Nc3 a6 6. Be3 e5 7. Nb3 Be7 8. f3 Be6 9. Qd2 Nbd7 10. g4 Qc7 11. 0-0-0 0-0 12. Kb1 b5 13. g5 Nh5 14. Nd5 Bxd5 15. exd5 Nb6 16. Na5 Nxd5 17. Qxd5 Qxa5 18. Bd3 g6 19. Qb7 Qd8 20. Rhg1 d5 21. Be4 d4 22. c3 Bc5 23. Qxa8 Qxa8 24. Bxa8 dxe3 25. Rd5 Bb6 26. Bb7 Nf4 27. Rd6 e2 28. Rxb6 Rd8 29. Kc1 Nd3+ 30. Kc2 e1Q 31. Rxe1 Nxe1+ 1/2-1/2

[Event "WC-2016-Q-00007"]
[Site "LSS email"]
[Date "2016.08.29"]
[Round "?"]
[White "Wosch, Arkadiusz Janusz"]
[Black "Thurrott, Allan"]
[Result "1/2-1/2"]
[WhiteElo "2373"]
[BlackElo "2254"]
[PlyCount "84"]
[EventDate "2016.09.03"]
[EventType "tourn (corr)"]
[EventRounds "12"]
[EventCountry "GER"]
[SourceTitle "Corr 2022"]
[Source "ChessBase"]
[SourceDate "2021.10.24"]
[SourceVersion "1"]
[SourceVersionDate "2021.10.24"]
[SourceQuality "1"]

1. e4 e5 2. Nf3 Nc6 3. Bc4 Bc5 4. c3 Nf6 5. d3 a6 6. Bb3 d6 7. 0-0 0-0 8. Nbd2 Ba7 9. h3 h6 10. Re1 Nh5 11. Nf1 Qf6 12. Be3 Bxe3 13. Nxe3 Nf4 14. Kh2 Ne7 15. Ng1 b5 16. Bc2 c5 17. Qf3 Qg6 18. d4 cxd4 19. cxd4 Nc6 20. Nf5 Qg5 21. Rad1 Ne6 22. Ne2 Ncxd4 23. Nfxd4 Nxd4 24. Nxd4 exd4 25. Qg3 Qxg3+ 26. Kxg3 Be6 27. Bb1 Rfd8 28. Rxd4 Kf8 29. f4 f6 30. Rc1 Rac8 31. Rxc8 Bxc8 32. f5 Ke7 33. Kf4 Bd7 34. Rd2 Rc8 35. Rc2 Rxc2 36. Bxc2 b4 37. h4 a5 38. Bb3 Bc6 39. Bc4 Kd7 40. Bf7 Kc7 41. Ke3 Kb6 42. Kd4 Kc7 1/2-1/2

[Event "SA-2015-0-00491"]
[Site "LSS email"]
[Date "2015.10.06"]
[Round "?"]
[White "Peraza Balleste, Orlando"]
[Black "Thurrott, Allan"]
[Result "0-1"]
[WhiteElo "2000"]
[BlackElo "2232"]
[PlyCount "98"]
[EventDate "2015.09.08"]
[EventType "tourn (corr)"]
[EventRounds "6"]
[EventCountry "GER"]
[SourceTitle "Corr 2022"]
[Source "ChessBase"]
[SourceDate "2021.10.24"]
[SourceVersion "1"]
[SourceVersionDate "2021.10.24"]
[SourceQuality "1"]

1. d4 Nf6 2. c4 e6 3. Nf3 d5 4. Nc3 c6 5. Bg5 dxc4 6. e4 b5 7. e5 h6 8. Bh4 g5 9. Nxg5 hxg5 10. Bxg5 Nbd7 11. exf6 Bb7 12. a4 a6 13. h4 Nxf6 14. Be2 Be7 15. Bf3 Nd5 16. Bxe7 Qxe7 17. Nxd5 cxd5 18. h5 b4 19. Qd2 Rc8 20. a5 Bc6 21. Be2 Bb5 22. Rh3 Rg8 23. Kf1 Rg4 24. Kg1 Re4 25. Re1 b3 26. Rd1 Kd7 27. Bf3 Rh4 28. Rxh4 Qxh4 29. Rc1 Rg8 30. Rc3 Ke7 31. Bd1 Ke8 32. Re3 Kf8 33. g3 Qg5 34. Qe1 Qf6 35. Qd2 Qh6 36. Qb4+ Kg7 37. Kg2 Qf6 38. Qc5 Re8 39. Qc7 e5 40. dxe5 Qc6 41. h6+ Kg8 42. h7+ Kg7 43. Qa7 d4+ 44. Rf3 Qd7 45. Qxd7 Bxd7 46. Rf4 Rd8 47. Kf3 Ba4 48. Rh4 Kh8 49. Rg4 c3 0-1

[Event "SA-2015-0-00491"]
[Site "LSS email"]
[Date "2015.10.06"]
[Round "?"]
[White "Thurrott, Allan"]
[Black "Jablonski, Czeslaw"]
[Result "1/2-1/2"]
[WhiteElo "2232"]
[BlackElo "2045"]
[PlyCount "54"]
[EventDate "2015.09.08"]
[EventType "tourn (corr)"]
[EventRounds "6"]
[EventCountry "GER"]
[SourceTitle "Corr 2022"]
[Source "ChessBase"]
[SourceDate "2021.10.24"]
[SourceVersion "1"]
[SourceVersionDate "2021.10.24"]
[SourceQuality "1"]

1. e4 e5 2. Nf3 Nc6 3. Bb5 a6 4. Ba4 Nf6 5. 0-0 Be7 6. Re1 b5 7. Bb3 0-0 8. h3 Bb7 9. d3 d6 10. a3 Na5 11. Ba2 c5 12. Nbd2 Nc6 13. Nf1 Bc8 14. c3 a5 15. Ne3 a4 16. b4 axb3 17. Bxb3 Na5 18. Bc2 Be6 19. Rb1 Rb8 20. d4 cxd4 21. cxd4 Nc4 22. dxe5 Nxe3 23. Rxe3 dxe5 24. Nxe5 Qxd1+ 25. Bxd1 Rfc8 26. Bf3 b4 27. axb4 Rxb4 1/2-1/2

[Event "SA-2015-0-00488"]
[Site "LSS email"]
[Date "2015.09.17"]
[Round "?"]
[White "Thurrott, Allan"]
[Black "Eichner, Dieter"]
[Result "1/2-1/2"]
[WhiteElo "2236"]
[BlackElo "2129"]
[PlyCount "98"]
[EventDate "2015.08.16"]
[EventType "tourn (corr)"]
[EventRounds "6"]
[EventCountry "GER"]
[SourceTitle "Corr 2022"]
[Source "ChessBase"]
[SourceDate "2021.10.24"]
[SourceVersion "1"]
[SourceVersionDate "2021.10.24"]
[SourceQuality "1"]

1. e4 c5 2. Nf3 Nc6 3. d4 cxd4 4. Nxd4 e5 5. Nb5 d6 6. N1c3 a6 7. Na3 Be6 8. Nc4 Be7 9. Nd5 Rc8 10. c3 Nb8 11. Be2 Bxd5 12. Qxd5 Qc7 13. Be3 Nf6 14. Qd3 0-0 15. Nb6 Rcd8 16. 0-0 Nbd7 17. Nxd7 Rxd7 18. c4 Qc6 19. f3 Bd8 20. Qb3 Ne8 21. Bd1 h6 22. g3 Ba5 23. Kg2 Qc7 24. Be2 Nf6 25. Rfd1 Rc8 26. Bf1 Rdd8 27. Kh1 Rb8 28. Rac1 Nd7 29. c5 dxc5 30. Bh3 b6 31. Bxd7 Rxd7 32. Rxd7 Qxd7 33. Rxc5 Qd6 34. Rd5 Qc7 35. a3 b5 36. Bc5 Rd8 37. Qe3 Qc6 38. b4 Bc7 39. Qd3 Rxd5 40. exd5 Qf6 41. Kg2 Bd6 42. Qc2 Kf8 43. Bf2 g5 44. h3 Kg7 45. Qc3 Qg6 46. g4 Qb1 47. Qc6 Bf8 48. Qxa6 Qd3 49. Qa7 Bd6 1/2-1/2

[Event "SA-2015-0-00488"]
[Site "LSS email"]
[Date "2015.09.15"]
[Round "?"]
[White "Salzmann, Stefan"]
[Black "Thurrott, Allan"]
[Result "1/2-1/2"]
[WhiteElo "2330"]
[BlackElo "2236"]
[PlyCount "100"]
[EventDate "2015.08.16"]
[EventType "tourn (corr)"]
[EventRounds "6"]
[EventCountry "GER"]
[SourceTitle "Corr 2022"]
[Source "ChessBase"]
[SourceDate "2021.10.24"]
[SourceVersion "1"]
[SourceVersionDate "2021.10.24"]
[SourceQuality "1"]

1. d4 Nf6 2. Nf3 e6 3. c4 d5 4. Nc3 c6 5. Bg5 h6 6. Bh4 dxc4 7. e4 g5 8. Bg3 b5 9. Be2 Bb7 10. Qc2 Nbd7 11. Rd1 Bb4 12. 0-0 a6 13. Ne5 Qe7 14. f4 0-0-0 15. f5 Nxe5 16. Bxe5 Rhf8 17. Kh1 Ba5 18. b3 Bxc3 19. Bxf6 Qxf6 20. Qxc3 cxb3 21. axb3 Qe7 22. e5 exf5 23. d5 Qd7 24. d6 Kb8 25. Rfe1 c5 26. Bh5 Qe6 27. Bf3 g4 28. Bxb7 Kxb7 29. Qxc5 Rc8 30. Qe3 Rfd8 31. h4 h5 32. Qg5 Rd7 33. Qxh5 Rc5 34. Qh8 Rc3 35. h5 Rc8 36. Qf6 Rg8 37. Kh2 Qxf6 38. exf6 Kc6 39. Kg3 Rxd6 40. Rxd6+ Kxd6 41. Re7 Rh8 42. Kh4 Rh7 43. b4 g3 44. Kg5 f4 45. Kxf4 Rxh5 46. Kxg3 Rg5+ 47. Kh3 Rg6 48. Rxf7 Ke5 49. Rf8 Rxf6 50. Rxf6 Kxf6 1/2-1/2

[Event "WC-2015-S-00002"]
[Site "LSS email"]
[Date "2015.06.02"]
[Round "?"]
[White "Cornel, Matei"]
[Black "Thurrott, Allan"]
[Result "1/2-1/2"]
[WhiteElo "2483"]
[BlackElo "2224"]
[PlyCount "112"]
[EventDate "2015.06.10"]
[EventType "tourn (corr)"]
[EventRounds "12"]
[EventCountry "GER"]
[SourceTitle "Corr 2022"]
[Source "ChessBase"]
[SourceDate "2021.10.24"]
[SourceVersion "1"]
[SourceVersionDate "2021.10.24"]
[SourceQuality "1"]

1. e4 e5 2. Nf3 Nc6 3. Bb5 a6 4. Ba4 Nf6 5. 0-0 Be7 6. Re1 b5 7. Bb3 d6 8. c3 0-0 9. h3 Bb7 10. d4 Re8 11. Nbd2 Bf8 12. a4 h6 13. d5 Nb8 14. c4 bxc4 15. Nxc4 c6 16. dxc6 Bxc6 17. Be3 a5 18. Nb6 Ra6 19. Nd5 Nxd5 20. exd5 Bb7 21. Rc1 Ra8 22. Nd2 Nd7 23. Nc4 Nf6 24. Na3 Qd7 25. Nb5 Rec8 26. Qd2 Be7 27. Na7 Rxc1 28. Rxc1 Bd8 29. Qd3 Nh5 30. Qb5 Qxb5 31. Nxb5 Nf6 32. Nxd6 Bxd5 33. Bxd5 Nxd5 34. Bd2 f6 35. Rc5 Nf4 36. Rb5 Ne6 37. Bc3 Be7 38. Nf5 Bf8 39. Kf1 Kf7 40. b3 Nc5 41. f3 Ra7 42. Bxa5 Nxb3 43. Bb6 Nd2+ 44. Ke2 Rxa4 45. Kxd2 Ra2+ 46. Ke1 Rxg2 47. Bf2 Rh2 48. h4 Rh1+ 49. Ke2 g5 50. Rb8 h5 51. hxg5 fxg5 52. Ng3 Rh2 53. Rb5 g4 54. Ne4 Ke6 55. Rb6+ Kd7 56. fxg4 hxg4 1/2-1/2

[Event "WC-2015-S-00002"]
[Site "LSS email"]
[Date "2015.06.02"]
[Round "?"]
[White "Szabo, Vilmos"]
[Black "Thurrott, Allan"]
[Result "1/2-1/2"]
[WhiteElo "2426"]
[BlackElo "2224"]
[PlyCount "88"]
[EventDate "2015.06.10"]
[EventType "tourn (corr)"]
[EventRounds "12"]
[EventCountry "GER"]
[SourceTitle "Corr 2022"]
[Source "ChessBase"]
[SourceDate "2021.10.24"]
[SourceVersion "1"]
[SourceVersionDate "2021.10.24"]
[SourceQuality "1"]

1. d4 Nf6 2. c4 e6 3. Nf3 d5 4. cxd5 exd5 5. Nc3 c6 6. Qc2 g6 7. Bg5 Be7 8. e3 Bf5 9. Bd3 Bxd3 10. Qxd3 0-0 11. 0-0 Nbd7 12. h3 Re8 13. Bf4 Nb6 14. Nd2 a6 15. Rab1 Nh5 16. Be5 Nd7 17. Bh2 Ng7 18. Rfd1 Nf6 19. a3 Rc8 20. b4 Nf5 21. a4 b5 22. a5 Nd6 23. Bxd6 Bxd6 24. e4 dxe4 25. Ndxe4 Be7 26. Qc2 Bf8 27. Nc5 Ra8 28. Rd3 Nd5 29. Nxd5 Qxd5 30. Qd2 Red8 31. Rc1 Bg7 32. Rd1 Ra7 33. Qf4 Qc4 34. Qg5 Raa8 35. Qd2 Qd5 36. Rc1 Re8 37. h4 Bf8 38. g3 Ra7 39. Qg5 Rd8 40. Kh2 Be7 41. Qe3 Bf8 42. Rc2 Raa8 43. Qg5 Bg7 44. Qxd5 Rxd5 1/2-1/2

[Event "WC-2015-S-00002"]
[Site "LSS email"]
[Date "2015.06.02"]
[Round "?"]
[White "Thurrott, Allan"]
[Black "Cornel, Matei"]
[Result "0-1"]
[WhiteElo "2224"]
[BlackElo "2483"]
[PlyCount "118"]
[EventDate "2015.06.10"]
[EventType "tourn (corr)"]
[EventRounds "12"]
[EventCountry "GER"]
[SourceTitle "Corr 2022"]
[Source "ChessBase"]
[SourceDate "2021.10.24"]
[SourceVersion "1"]
[SourceVersionDate "2021.10.24"]
[SourceQuality "1"]

1. e4 c5 2. Nf3 d6 3. d4 cxd4 4. Nxd4 Nf6 5. Nc3 a6 6. Be3 e5 7. Nb3 Be6 8. f3 Nbd7 9. Qd2 b5 10. 0-0-0 Be7 11. g4 b4 12. Nd5 Bxd5 13. exd5 Nb6 14. Qxb4 Nfxd5 15. Bxb6 Nxb6 16. f4 d5 17. Qc3 Rc8 18. Qxe5 0-0 19. Qe3 Re8 20. Bxa6 Bf6 21. Qd3 Na4 22. Bxc8 Bxb2+ 23. Kb1 Qxc8 24. Rde1 Rd8 25. Re3 Qa8 26. Rhe1 g6 27. g5 Bg7 28. Nd4 Nc5 29. Qb5 Ne4 30. Nc6 Rd7 31. Kc1 Qxa2 32. Qb1 Qa4 33. Ne5 Ra7 34. Qb2 h6 35. h4 Bf8 36. R1e2 h5 37. Rf3 Ng3 38. Re1 Nf5 39. Rd1 Nxh4 40. Rd4 Qa6 41. Rfd3 Rb7 42. Qc3 Nf5 43. Kd2 Qa7 44. Ke2 Kh7 45. Qc6 Nxd4+ 46. Rxd4 Qxd4 47. Qxb7 Qe4+ 48. Kd1 Qxf4 49. Qxd5 Bg7 50. Nxf7 h4 51. Ke2 h3 52. Nh6 Bxh6 53. Qd7+ Bg7 54. Qxh3+ Kg8 55. Qe6+ Qf7 56. Qc6 Qe7+ 57. Kd3 Qxg5 58. c4 Qf5+ 59. Kd2 g5 0-1

[Event "SA-2015-0-00461"]
[Site "LSS email"]
[Date "2015.02.24"]
[Round "?"]
[White "Svrsek, Radomir Sr"]
[Black "Thurrott, Allan"]
[Result "1/2-1/2"]
[WhiteElo "2139"]
[BlackElo "2221"]
[PlyCount "49"]
[EventDate "2015.01.11"]
[EventType "tourn (corr)"]
[EventRounds "6"]
[EventCountry "GER"]
[SourceTitle "Corr 2022"]
[Source "ChessBase"]
[SourceDate "2021.10.24"]
[SourceVersion "1"]
[SourceVersionDate "2021.10.24"]
[SourceQuality "1"]

1. e4 c6 2. d4 d5 3. e5 Bf5 4. Nf3 e6 5. Be2 c5 6. Be3 cxd4 7. Nxd4 Ne7 8. c4 Nbc6 9. Qa4 a6 10. Nc3 dxc4 11. 0-0-0 Qc8 12. Nxf5 Nxf5 13. Bb6 Bb4 14. Bf3 Be7 15. Ne4 0-0 16. Nd6 Nxd6 17. exd6 Bd8 18. d7 Qb8 19. Bc5 Be7 20. Bxe7 Qf4+ 21. Rd2 Nxe7 22. Bxb7 Rab8 23. Qa5 c3 24. bxc3 Nd5 25. Re1 1/2-1/2

[Event "SA-2015-0-00461"]
[Site "LSS email"]
[Date "2015.02.24"]
[Round "?"]
[White "Thurrott, Allan"]
[Black "Usmanoff, Rustam"]
[Result "1/2-1/2"]
[WhiteElo "2221"]
[BlackElo "2290"]
[PlyCount "50"]
[EventDate "2015.01.11"]
[EventType "tourn (corr)"]
[EventRounds "6"]
[EventCountry "GER"]
[SourceTitle "Corr 2022"]
[Source "ChessBase"]
[SourceDate "2021.10.24"]
[SourceVersion "1"]
[SourceVersionDate "2021.10.24"]
[SourceQuality "1"]

1. c4 e5 2. Nc3 Nf6 3. Nf3 Nc6 4. g3 d5 5. cxd5 Nxd5 6. Bg2 Nb6 7. 0-0 Be7 8. a3 0-0 9. b4 Be6 10. Rb1 f6 11. d3 a5 12. b5 Nd4 13. Nd2 Qc8 14. e3 Nf5 15. Qc2 a4 16. Re1 Rd8 17. Nce4 Qd7 18. Bf1 Bf7 19. Nc5 Qd5 20. Nde4 Nd6 21. Nd2 Nf5 22. Nde4 Nd6 23. Nd2 Qa2 24. Rb2 Qxa3 25. Nb1 Qa1 1/2-1/2

[Event "BI-2015-F-0000"]
[Site "LSS email"]
[Date "2015.02.12"]
[Round "?"]
[White "Bulgarini Torre, Marco"]
[Black "Thurrott, Allan"]
[Result "1/2-1/2"]
[WhiteElo "2174"]
[BlackElo "2223"]
[PlyCount "111"]
[EventDate "2015.02.11"]
[EventType "tourn (corr)"]
[EventRounds "10"]
[EventCountry "GER"]
[SourceTitle "Corr 2022"]
[Source "ChessBase"]
[SourceDate "2021.10.24"]
[SourceVersion "1"]
[SourceVersionDate "2021.10.24"]
[SourceQuality "1"]

1. e4 c6 2. d4 d5 3. e5 Bf5 4. Nf3 e6 5. Be2 c5 6. Be3 cxd4 7. Nxd4 Ne7 8. 0-0 Nbc6 9. Bb5 a6 10. Bxc6+ bxc6 11. c4 Qd7 12. Nc3 dxc4 13. Na4 Nd5 14. Nxf5 exf5 15. Rc1 Nxe3 16. Qxd7+ Kxd7 17. fxe3 Ke6 18. Rxc4 c5 19. b4 Rc8 20. Rfc1 Kxe5 21. bxc5 Rc7 22. c6 Ba3 23. R1c3 Be7 24. Nb6 Rd8 25. Nd7+ Ke6 26. e4 f6 27. exf5+ Kxf5 28. Re3 Bd6 29. Rd3 Be7 30. Kf2 Ke6 31. Kf3 Kf7 32. Rdd4 g6 33. g4 a5 34. h4 a4 35. h5 gxh5 36. gxh5 h6 37. Rd1 Rdc8 38. Rf4 a3 39. Re1 Bd8 40. Rb1 Ke6 41. Re4+ Kf7 42. Rb7 Be7 43. Nb6 Rxb7 44. Nxc8 Rc7 45. Nxe7 Rxe7 46. Rc4 Rc7 47. Ke4 Ke6 48. Rc3 Kd6 49. Kf5 Rxc6 50. Rxa3 Rc5+ 51. Kg6 Rg5+ 52. Kxh6 Rg8 53. Kh7 Rg2 54. Ra8 Ke7 55. a4 f5 56. Rb8 1/2-1/2